00688nam a2200181 i 450000100060000000300090000600500170001500700030003200800410003510000540007624501270013026000320025730000270028950000190031685200320033599900170036795201220038429681ES-MaACL20230906154055.0t|030122s1969 sp ||||1| spa d1 aBarrera y Leirado, Cayetano Alberto de la.92593410aCatálogo bibliográfico y biográfico del teatro antiguo español... /cpor Cayetano Alberto de la Barrera y Leirado. aMadrid : bGredos, c[1969] aXIV, 724 p. ; c27 cm. aReprod. facs,. aES-MaACLjC-35650 bR.69070 c29681d29681 00104070aATENEOMbATENEOMcDEPO2d2008-01-17eSCl0oC-35650p1030645r2023-02-23 00:00:00w2023-02-23yMONOGRAFIA